Wszystkie powiaty w Polsce - quiz na mapie - Statystyki

Ogólne statystyki
  • Ten quiz został rozwiązany 5 188 razy
    3 658 od ostatniego zresetowania
  • Średni wynik to 97 z 380
Odpowiedzi na mapie
Odpowiedzi zakodowano w zielono-czerwonej skali na mapie do tego quizu, zgodnie z poniższymi procentami.
 
Statystyki odpowiedzi
Odpowiedź % Poprawnych
białostocki
47%
miasto Rzeszów
47%
miasto Gdynia
44%
miasto Warszawa
44%
miasto Białystok
42%
miasto Gdańsk
42%
miasto Kraków
42%
miasto Opole
42%
miasto Świnoujście
42%
miasto Zielona Góra
42%
bydgoski
41%
miasto Łódź
41%
miasto Lublin
41%
miasto Poznań
41%
miasto Szczecin
41%
miasto Wrocław
41%
miasto Gorzów Wielkopolski
40%
miasto Koszalin
40%
miasto Sopot
40%
olsztyński
40%
bieszczadzki
39%
częstochowski
39%
elbląski
39%
lubelski
39%
miasto Bydgoszcz
39%
miasto Częstochowa
39%
miasto Elbląg
39%
miasto Kielce
39%
miasto Olsztyn
39%
miasto Radom
39%
miasto Suwałki
39%
miasto Toruń
39%
augustowski
38%
bielski (śląskie)
38%
kłodzki
38%
miasto Biała Podlaska
38%
miasto Grudziądz
38%
miasto Nowy Sącz
38%
miasto Przemyśl
38%
miasto Słupsk
38%
kielecki
37%
koszaliński
37%
krakowski
37%
miasto Bielsko-Biała
37%
miasto Kalisz
37%
miasto Płock
37%
przemyski
37%
gdański
36%
miasto Krosno
36%
miasto Łomża
36%
miasto Ostrołęka
36%
miasto Piotrków Trybunalski
36%
miasto Tarnobrzeg
36%
miasto Tarnów
36%
chełmski
35%
miasto Chełm
35%
miasto Konin
35%
miasto Legnica
35%
miasto Siedlce
35%
miasto Skierniewice
35%
miasto Wałbrzych
35%
płocki
35%
poznański
35%
bialski
34%
miasto Jelenia Góra
34%
miasto Włocławek
34%
miasto Zamość
34%
nowosądecki
34%
opolski (opolskie)
34%
piotrkowski
34%
radomszczański
34%
rzeszowski
34%
suwalski
34%
toruński
34%
zielonogórski
34%
gorzowski
33%
legnicki
33%
łódzki wschodni
33%
łomżynski
33%
miasto Leszno
33%
radomski
33%
tarnowski
33%
tatrzański
33%
wejherowski
33%
bartoszycki
32%
bełchatowski
32%
grudziądzki
32%
krośnieński (podkarpackie)
32%
miasto Katowice
32%
skierniewicki
32%
słupski
32%
wrocławski
32%
zamojski
32%
jasielski
31%
koniński
31%
ostrołęcki
31%
siedlecki
31%
wałbrzyski
31%
cieszyński
30%
gnieźnieński
30%
kaliski
30%
kołobrzeski
30%
miasto Gliwice
30%
pucki
30%
bielski (podlaskie)
29%
chojnicki
29%
miasto Jastrzębie-Zdrój
29%
sandomierski
29%
tarnobrzeski
29%
warszawski-zachodni
29%
żywiecki
29%
biłgorajski
28%
bolesławiecki
28%
brzeski (małopolskie)
28%
bytowski
28%
ełcki
28%
gliwicki
28%
nowotarski
28%
oświęcimski
28%
włocławski
28%
zgorzelecki
28%
aleksandrowski
27%
bocheński
27%
braniewski
27%
brzeski (opolskie)
27%
dębicki
27%
hrubieszowski
27%
inowrocławski
27%
karkonoski
27%
lęborski
27%
leszczyński
27%
miasto Rybnik
27%
miasto Tychy
27%
nowodworski (pomorskie)
27%
sanocki
27%
sławieński
27%
stalowowolski
27%
wielicki
27%
gołdapski
26%
kartuski
26%
malborski
26%
miasto Sosnowiec
26%
policki
26%
sejneński
26%
białogardzki
25%
gorlicki
25%
hajnowski
25%
kutnowski
25%
limanowski
25%
miasto Dąbrowa Górnicza
25%
otwocki
25%
pabianicki
25%
rybnicki
25%
słubicki
25%
stargardzki
25%
tczewski
25%
tomaszowski (łódzkie)
25%
tucholski
25%
wadowicki
25%
będziński
24%
buski
24%
człuchowski
24%
głogowski
24%
iławski
24%
jarosławski
24%
legionowski
24%
leski
24%
miasto Jaworzno
24%
miasto Zabrze
24%
nowosolski
24%
starogardzki
24%
zgierski
24%
białobrzeski
23%
brodnicki
23%
goleniowski
23%
grójecki
23%
kamiennogórski
23%
kamieński
23%
kędzierzyńsko-kozielski
23%
kolneński
23%
kraśnicki
23%
łańcucki
23%
miasto Żory
23%
mielecki
23%
pilski
23%
pruszkowski
23%
pszczyński
23%
siemiatycki
23%
bieruńsko-lędziński
22%
brzeziński
22%
brzozowski
22%
chełmiński
22%
chrzanowski
22%
ciechanowski
22%
czarnkowsko-trzcianecki
22%
dąbrowski
22%
giżycki
22%
gostyniński
22%
kazimierski
22%
konecki
22%
kościerski
22%
krasnostawski
22%
kwidzyński
22%
lidzbarski
22%
łosicki
22%
lubliniecki
22%
lwówecki
22%
miasto Świętochłowice
22%
nakielski
22%
nyski
22%
olkuski
22%
ostródzki
22%
piaseczyński
22%
płoński
22%
puławski
22%
raciborski
22%
rawski
22%
strzelecko-drezdenecki
22%
świebodziński
22%
szczecinecki
22%
tomaszowski (lubelskie)
22%
wołomiński
22%
wschowski
22%
zawierciański
22%
złotowski
22%
działdowski
21%
garwoliński
21%
grajewski
21%
gryficki
21%
jędrzejowski
21%
kępiński
21%
kętrzyński
21%
kluczborski
21%
krośnieński (lubuskie)
21%
łowicki
21%
lubaczowski
21%
lubański
21%
lubiński
21%
miasto Bytom
21%
miasto Mysłowice
21%
miasto Piekary Śląskie
21%
miechowski
21%
miński
21%
mławski
21%
moniecki
21%
mrągowski
21%
myszkowski
21%
nowodworski (mazowieckie)
21%
sieradzki
21%
sochaczewski
21%
sokólski
21%
suski
21%
świdnicki (lubelskie)
21%
świecki
21%
tarnogórski
21%
wałecki
21%
wodzisławski
21%
wysokomazowiecki
21%
choszczeński
20%
drawski
20%
dzierżoniowski
20%
głubczycki
20%
golubsko-dobrzyński
20%
górowski
20%
grodziski (mazowieckie)
20%
gryfiński
20%
janowski
20%
klobucki
20%
kolbuszowski
20%
kolski
20%
lubartowski
20%
łukowski
20%
miasto Chorzów
20%
myślenicki
20%
namysłowski
20%
nowomiejski
20%
opoczyński
20%
opolski (lubelskie)
20%
ostrowiecki
20%
pajęczański
20%
piski
20%
polkowicki
20%
pyrzycki
20%
skarżyski
20%
świdnicki (dolnośląskie)
20%
turecki
20%
włodawski
20%
ząbkowicki
20%
żagański
20%
żniński
20%
żyrardowski
20%
jaworski
19%
kozienicki
19%
łęczycki
19%
łęczyński
19%
leżajski
19%
miasto Siemianowice Śląskie
19%
międzyrzecki
19%
myśliborski
19%
nidzicki
19%
niżański
19%
obornicki
19%
oleśnicki
19%
ostrowski (mazowieckie)
19%
ostrowski (wielkopolskie)
19%
ostrzeszowski
19%
proszowicki
19%
przeworski
19%
pułtuski
19%
radzyński
19%
ropczycko-sędziszowski
19%
średzki (dolnośląskie)
19%
starachowicki
19%
szczycieński
19%
sztumski
19%
węgorzewski
19%
wieluński
19%
wieruszowski
19%
włoszczowski
19%
wolsztyński
19%
żarski
19%
zduńskowolski
19%
chodzieski
18%
krapkowicki
18%
łaski
18%
lipnowski
18%
lipski
18%
łobeski
18%
miasto Ruda Śląska
18%
milicki
18%
mogileński
18%
nowotomyski
18%
olecki
18%
opatowski
18%
prudnicki
18%
przasnyski
18%
przysuski
18%
rawicki
18%
rypiński
18%
sępoleński
18%
sierpecki
18%
sokołowski
18%
średzki (wielkopolskie)
18%
sulęciński
18%
szydłowiecki
18%
wrzesiński
18%
wyszkowski
18%
zambrowski
18%
złotoryjski
18%
żuromiński
18%
grodziski (wielkopolskie)
17%
kościański
17%
międzychodzki
17%
mikołowski
17%
oławski
17%
pińczowski
17%
poddębicki
17%
radziejowski
17%
rycki
17%
słupecki
17%
staszowski
17%
szamotulski
17%
wołowski
17%
zwoleński
17%
jarociński
16%
makowski
16%
oleski
16%
parczewski
16%
śremski
16%
strzyżowski
16%
świdwiński
16%
trzebnicki
16%
wąbrzeski
16%
wągrowiecki
16%
gostyński
15%
strzelecki
15%
węgrowski
15%
krotoszyński
14%
pleszewski
14%
strzeliński
14%
Nie znaleziono quizów pasujących do podanych kryteriów
Rozkład punktacji
Procent ludzi z każdym wynikiem
Percentyl według liczby udzielonych odpowiedzi
Twoja historia wyników
Nie rozwiązałeś tego quizu od ostatniego zresetowania